| 000 | 00785nam a2200181 4500 | ||
|---|---|---|---|
| 003 | LK-CoMWRAF | ||
| 005 | 20231218093155.0 | ||
| 008 | 231215b |||||||| |||| 00| 0 eng d | ||
| 020 | _a9558027030 | ||
| 040 |
_aLK-CoMWRAF _dLK-CoMWRAF _eLK-CoMWRAF |
||
| 041 | _asin | ||
| 082 |
_a338 _bRAJ |
||
| 245 | _aරාජ්ය සේවාව තුළ ස්ත්රී පුරුෂ සමාජභාවය මූල ප්රවාහකරණය | ||
| 246 | _aRajya seewawa thula isthri purusha samajabhawaya moola prawahakaranaya | ||
| 260 |
_aකොළඹ : _bශක්ති ස්ත්රී පුරුෂ සමසාධාරණ ව්යාපෘතිය _c2003 |
||
| 700 |
_aපතිරණ, වජිරා රන්දුනු _etrans. |
||
| 942 | _cBK | ||
| 999 |
_c4491 _d4491 |
||